| 000 | 00503nam a2200169Ia 4500 | ||
|---|---|---|---|
| 005 | 20250923144645.0 | ||
| 008 | 008 250917s9999 xx 000 0 eng d | ||
| 037 | _aTextual | ||
| 040 |
_aDSWL _beng _cDSWL |
||
| 041 |
_aeng _2eng |
||
| 084 |
_aX:952, J4 _qDSWL |
||
| 100 |
_aFraser, J.M. _9827071 |
||
| 245 | 0 |
_aHandbook of employment Interviewing _cby J.M. Fraser |
|
| 260 |
_aLondon _b Macdonald & Evans Ltd. _c1954 |
||
| 942 |
_cTEXL _hX:952, J4 |
||
| 999 |
_c1441697 _d1441697 |
||